[Event "Madrid 2019-2020 ch - Previa A"]
[Site "Madrid ESP"]
[Date "2020.02.17"]
[Round "7.30"]
[White "Martinez Carrasco, Jesus"]
[Black "Arevillca Colque, Jonatan"]
[Result "1-0"]
[WhiteElo "1534"]
[BlackElo "1004"]
[PlyCount "107"]
[EventDate "2020.02.03"]
[EventType "swiss"]
[EventRounds "9"]
[EventCountry "ESP"]
[SourceTitle "Ajedrez en Madrid"]
[Source "lmi"]
[SourceDate "2020.02.03"]
[SourceVersion "1"]
[SourceVersionDate "2020.02.27"]
[SourceQuality "1"]

1. d4 Nf6 2. c4 g6 3. Nc3 Bg7 4. e4 d6 5. Nf3 O-O 6. Be2 e5 7. d5 Nbd7 8. Bg5
Nc5 9. b4 Ncd7 10. Qd2 a5 11. bxa5 Rxa5 12. O-O Nc5 13. Rfe1 Ncxe4 14. Nxe4
Nxe4 15. Qxa5 f6 16. Be3 f5 17. Bd3 Nc3 18. Bd2 e4 19. Bxc3 exd3 20. Bxg7 Kxg7
21. Qc3+ Qf6 22. Qxd3 g5 23. Qd4 g4 24. Qxf6+ Rxf6 25. Nd4 b6 26. Re7+ Kg6 27.
Rxc7 Ba6 28. Nb5 h5 29. Re1 h4 30. Ree7 h3 31. Rg7+ Kh5 32. g3 f4 33. Rh7+ Kg5
34. Rcg7+ Kf5 35. Rh5+ Ke4 36. Rxg4 Bc8 37. Rxf4+ Rxf4 38. gxf4 Kxf4 39. Nxd6
Bg4 40. Rh6 Kf3 41. Nb5 Ke2 42. Rxb6 Ke1 43. a4 Be2 44. Nd6 Bd1 45. Rb1 Kd2 46.
Rxd1+ Kxd1 47. a5 Ke1 48. a6 Kd2 49. a7 Ke1 50. a8=Q Ke2 51. f4 Ke1 52. f5 Ke2
53. Qa2+ Ke1 54. Ne4 1-0

[Event "Madrid 2019-2020 ch - Previa A"]
[Site "Madrid ESP"]
[Date "2020.02.17"]
[Round "7.31"]
[White "Ramos Antona, Enrique"]
[Black "De Fuenmayor Fernandez de la, Carlos Pablo"]
[Result "1-0"]
[WhiteElo "1436"]
[BlackElo "1365"]
[PlyCount "144"]
[EventDate "2020.02.03"]
[EventType "swiss"]
[EventRounds "9"]
[EventCountry "ESP"]
[SourceTitle "Ajedrez en Madrid"]
[Source "lmi"]
[SourceDate "2020.02.03"]
[SourceVersion "1"]
[SourceVersionDate "2020.02.27"]
[SourceQuality "1"]

1. d4 d5 2. c4 e6 3. Nf3 Nf6 4. g3 Be7 5. Bg2 O-O 6. O-O Nbd7 7. b3 Rb8 8. Nc3
b6 9. cxd5 exd5 10. Qc2 Bb7 11. Bb2 h6 12. Rfe1 c5 13. e3 Re8 14. Rac1 Bd6 15.
Nb5 Nf8 16. Nxd6 Qxd6 17. dxc5 bxc5 18. Qxc5 Qxc5 19. Rxc5 Ne4 20. Rc2 Ne6 21.
Rec1 Rec8 22. Nd4 Rxc2 23. Rxc2 Rc8 24. Rxc8+ Bxc8 25. Nc6 Ba6 26. Ne7+ Kf8 27.
Nxd5 N4c5 28. Ba3 Kg8 29. Bf1 Bb7 30. Ne7+ Kh7 31. Nf5 Kg6 32. Nd6 Bc6 33. Nc4
Kf6 34. Bb2+ Ke7 35. Ba3 Kf6 36. Bc1 Bb5 37. Bb2+ Ke7 38. Bd4 g6 39. Ne5 Kd6
40. Bc4 Bxc4 41. Nxc4+ Ke7 42. Ne5 a6 43. Bc3 Kf6 44. Bb2 Ke7 45. f3 Nd7 46.
Ba3+ Ndc5 47. Kf2 Kf6 48. Bb2 Ke7 49. h4 f6 50. Nc4 Nd3+ 51. Ke2 Nxb2 52. Nxb2
Kd6 53. a3 Kc6 54. Nd3 Kb5 55. Kd2 g5 56. f4 gxh4 57. gxh4 h5 58. Kc3 Nf8 59.
f5 Nd7 60. a4+ Kb6 61. Kc4 Ka5 62. Kd5 Kb6 63. Kd6 Nf8 64. Ke7 Nh7 65. Kf7 Kc6
66. Kg7 Ng5 67. hxg5 fxg5 68. f6 g4 69. f7 g3 70. f8=Q h4 71. Qf3+ Kd6 72. Nf4
Ke5 1-0

[Event "Madrid 2019-2020 ch - Previa A"]
[Site "Madrid ESP"]
[Date "2020.02.17"]
[Round "7.32"]
[White "Fernandez Sanchez, Jose M."]
[Black "Penas Merino, Ramona"]
[Result "0-1"]
[WhiteElo "1128"]
[BlackElo "1422"]
[PlyCount "78"]
[EventDate "2020.02.03"]
[EventType "swiss"]
[EventRounds "9"]
[EventCountry "ESP"]
[SourceTitle "Ajedrez en Madrid"]
[Source "lmi"]
[SourceDate "2020.02.03"]
[SourceVersion "1"]
[SourceVersionDate "2020.02.27"]
[SourceQuality "1"]

1. e4 e6 2. d4 d5 3. exd5 exd5 4. Nf3 Bd6 5. c4 dxc4 6. d5 Nf6 7. Bxc4 O-O 8.
Nc3 Re8+ 9. Be3 Bc5 10. Qd3 Bxe3 11. fxe3 Qe7 12. Kd2 Ne4+ 13. Nxe4 Qxe4 14.
Qxe4 Rxe4 15. b3 b6 16. Rhe1 Ba6 17. Kc3 Bxc4 18. bxc4 Nd7 19. Nd2 Rg4 20. g3
Re8 21. e4 Nc5 22. e5 Rg5 23. Nf3 Rf5 24. Kd4 Rxf3 25. Re3 Rxe3 26. Kxe3 Rxe5+
27. Kd4 Re4+ 28. Kc3 f5 29. Rf1 g6 30. Rd1 Re3+ 31. Kb4 Rd3 32. Rxd3 Nxd3+ 33.
Kb5 Ne5 34. Ka6 Nxc4 35. Kb7 Kf7 36. Kxc7 Ke7 37. Kc6 Na5+ 38. Kc7 Nc4 39. Kc6
g5 0-1

[Event "Madrid 2019-2020 ch - Previa A"]
[Site "Madrid ESP"]
[Date "2020.02.17"]
[Round "7.33"]
[White "Sarabia Diaz, Santiago"]
[Black "Casal Martin, Jose M"]
[Result "1-0"]
[WhiteElo "1724"]
[BlackElo "1473"]
[PlyCount "31"]
[EventDate "2020.02.03"]
[EventType "swiss"]
[EventRounds "9"]
[EventCountry "ESP"]
[SourceTitle "Ajedrez en Madrid"]
[Source "lmi"]
[SourceDate "2020.02.03"]
[SourceVersion "1"]
[SourceVersionDate "2020.02.27"]
[SourceQuality "1"]

1. e4 d5 2. exd5 Qxd5 3. Nc3 Qa5 4. d4 Nf6 5. Bc4 e6 6. a3 Nc6 7. Be3 Nd5 8.
Nge2 Nxc3 9. Nxc3 Be7 10. O-O Bf6 11. g4 Qb6 12. Nb5 Na5 13. d5 c5 14. dxc6
Qxc6 15. Bd3 Nc4 16. Bxc4 1-0

[Event "Madrid 2019-2020 ch - Previa A"]
[Site "Madrid ESP"]
[Date "2020.02.18"]
[Round "8.1"]
[White "Moreno Uribarri, Miguel"]
[Black "Alvarez Abejon, Amilcar"]
[Result "1-0"]
[WhiteElo "1802"]
[BlackElo "1947"]
[PlyCount "37"]
[EventDate "2020.02.03"]
[EventType "swiss"]
[EventRounds "9"]
[EventCountry "ESP"]
[SourceTitle "Ajedrez en Madrid"]
[Source "lmi"]
[SourceDate "2020.02.03"]
[SourceVersion "1"]
[SourceVersionDate "2020.02.27"]
[SourceQuality "1"]

1. e4 e6 2. d4 d5 3. Nc3 Bb4 4. e5 Qd7 5. Qg4 f5 6. Qg3 b6 7. Nf3 Ba6 8. Bxa6
Nxa6 9. O-O Bxc3 10. bxc3 Nb8 11. a4 Nc6 12. c4 dxc4 13. d5 exd5 14. e6 Qe7 15.
Ba3 Qf6 16. Qxc7 Nce7 17. Qd7+ Kf8 18. Qxd5 Rc8 19. Ne5 1-0

[Event "Madrid 2019-2020 ch - Previa A"]
[Site "Madrid ESP"]
[Date "2020.02.18"]
[Round "8.2"]
[White "Rodriguez Diaz, Alberto Jose"]
[Black "Fernandez Garcia, Ignacio"]
[Result "1/2-1/2"]
[WhiteElo "1910"]
[BlackElo "1755"]
[PlyCount "144"]
[EventDate "2020.02.03"]
[EventType "swiss"]
[EventRounds "9"]
[EventCountry "ESP"]
[SourceTitle "Ajedrez en Madrid"]
[Source "lmi"]
[SourceDate "2020.02.03"]
[SourceVersion "1"]
[SourceVersionDate "2020.02.27"]
[SourceQuality "1"]

1. f4 d6 2. Nf3 Nf6 3. g3 c6 4. d3 Nbd7 5. e4 e5 6. Qe2 g6 7. Bh3 Bg7 8. f5 Qb6
9. b3 d5 10. Be3 Qb4+ 11. c3 Qd6 12. Nbd2 Nc5 13. d4 Ncd7 14. dxe5 Nxe5 15.
Nxe5 Qxe5 16. Bd4 Qc7 17. exd5+ Kd8 18. d6 Qxd6 19. O-O-O Re8 20. Qd3 Kc7 21.
Nc4 Qd5 22. Bg2 Bxf5 23. Bxd5 Bxd3 24. Be5+ Rxe5 25. Nxe5 Nxd5 26. Nxd3 Nxc3
27. Rd2 Bh6 28. Nf4 Re8 29. Rf1 Nd5 30. Rd4 f5 31. Kd2 Bxf4+ 32. gxf4 Nf6 33.
Rf3 Re7 34. Rh3 Ne4+ 35. Kc2 Nf6 36. Rhd3 Nd5 37. a3 Ne3+ 38. Kc1 Ng4 39. h4
Nf6 40. Kd1 Ne4 41. Kc2 Nf6 42. b4 Rd7 43. Rxd7+ Nxd7 44. h5 gxh5 45. Rg3 Nf6
46. Rg7+ Kb6 47. Kb2 Nd5 48. Rxh7 Nxf4 49. Rf7 Nd5 50. Rxf5 h4 51. Rh5 a5 52.
Kb3 axb4 53. axb4 Nc7 54. Rxh4 Nb5 55. Kc4 Nc7 56. Rh5 Nb5 57. Rh7 Nc7 58. Rh6
Nb5 59. Rh5 Nc7 60. Rg5 Nb5 61. Rxb5+ cxb5+ 62. Kd5 Kc7 63. Kc5 b6+ 64. Kxb5
Kb7 65. Kc4 Ka6 66. Kb3 Kb5 67. Kc3 Kc6 68. Kd4 Kb5 69. Kc3 Kc6 70. Kb3 Kb5 71.
Ka3 Kc4 72. Ka4 Kc3 1/2-1/2

[Event "Madrid 2019-2020 ch - Previa A"]
[Site "Madrid ESP"]
[Date "2020.02.18"]
[Round "8.3"]
[White "Vazquez Gonzalez, Jesus"]
[Black "Garcia Prados, David"]
[Result "1/2-1/2"]
[WhiteElo "1983"]
[BlackElo "1872"]
[PlyCount "81"]
[EventDate "2020.02.03"]
[EventType "swiss"]
[EventRounds "9"]
[EventCountry "ESP"]
[SourceTitle "Ajedrez en Madrid"]
[Source "lmi"]
[SourceDate "2020.02.03"]
[SourceVersion "1"]
[SourceVersionDate "2020.02.27"]
[SourceQuality "1"]

1. e4 d5 2. exd5 Qxd5 3. Nf3 Nf6 4. d4 Bg4 5. Be2 e6 6. c4 Bb4+ 7. Nbd2 Qa5 8.
O-O Nbd7 9. a3 Be7 10. b4 Qf5 11. Re1 h5 12. Nf1 Qh7 13. h3 Bf5 14. Ng3 Bc2 15.
Qd2 Ne4 16. Qxc2 Nxg3 17. Bd3 Nf5 18. Bxf5 Qxf5 19. Qxf5 exf5 20. Bf4 Rc8 21.
Re2 Kf8 22. Rae1 Bf6 23. Bxc7 g5 24. Bd6+ Kg7 25. c5 g4 26. Ne5 Nf8 27. Bxf8+
Rhxf8 28. Nd7 Rfd8 29. Nxf6 Kxf6 30. hxg4 hxg4 31. Re7 Rb8 32. Rc7 Rxd4 33.
Ree7 Rd1+ 34. Kh2 Kg5 35. g3 Rh8+ 36. Kg2 Rhh1 37. f4+ gxf3+ 38. Kxf3 Rhf1+ 39.
Ke2 Rfe1+ 40. Kf2 Rf1+ 41. Ke2 1/2-1/2

[Event "Madrid 2019-2020 ch - Previa A"]
[Site "Madrid ESP"]
[Date "2020.02.18"]
[Round "8.4"]
[White "Garcia Sanz, Eduardo"]
[Black "Panduru, Eugen"]
[Result "0-1"]
[WhiteElo "1832"]
[BlackElo "1982"]
[PlyCount "92"]
[EventDate "2020.02.03"]
[EventType "swiss"]
[EventRounds "9"]
[EventCountry "ESP"]
[SourceTitle "Ajedrez en Madrid"]
[Source "lmi"]
[SourceDate "2020.02.03"]
[SourceVersion "1"]
[SourceVersionDate "2020.02.27"]
[SourceQuality "1"]

1. c4 e5 2. Nc3 Nc6 3. g3 g6 4. Bg2 Bg7 5. d3 Nge7 6. e4 d6 7. Nge2 O-O 8. O-O
Be6 9. Nd5 Qd7 10. Bh6 f5 11. Nxe7+ Qxe7 12. Bxg7 Kxg7 13. f4 fxe4 14. Bxe4
Rad8 15. Qb3 Bg4 16. Bf3 Bxf3 17. Rxf3 exf4 18. Qc3+ Kg8 19. Nxf4 Ne5 20. Rf2
c6 21. d4 Ng4 22. Re2 Qf7 23. Rae1 Rde8 24. h3 Rxe2 25. Rxe2 Nh6 26. Rf2 g5 27.
Nd3 Qe6 28. Rxf8+ Kxf8 29. Nf2 Nf5 30. Qf3 Ke7 31. d5 cxd5 32. cxd5 Qe5 33. Qe4
h6 34. Qxe5+ dxe5 35. Ne4 Nd6 36. Nc3 e4 37. Kf2 Kf6 38. Ke2 Ke5 39. Kd2 a6 40.
a4 Kd4 41. h4 b5 42. axb5 axb5 43. hxg5 hxg5 44. Ne2+ Kxd5 45. Kc3 Kc5 46. Nd4
b4+ 0-1

[Event "Madrid 2019-2020 ch - Previa A"]
[Site "Madrid ESP"]
[Date "2020.02.18"]
[Round "8.5"]
[White "Cardena Contreras, Javier"]
[Black "Lopez Heras, Arturo"]
[Result "1/2-1/2"]
[WhiteElo "1887"]
[BlackElo "1719"]
[PlyCount "95"]
[EventDate "2020.02.03"]
[EventType "swiss"]
[EventRounds "9"]
[EventCountry "ESP"]
[SourceTitle "Ajedrez en Madrid"]
[Source "lmi"]
[SourceDate "2020.02.03"]
[SourceVersion "1"]
[SourceVersionDate "2020.02.27"]
[SourceQuality "1"]

1. e4 g6 2. d4 d6 3. Nf3 Nf6 4. Nc3 Bg7 5. Bc4 O-O 6. Qe2 c6 7. Bb3 b6 8. Bg5
a5 9. Bxf6 exf6 10. a4 d5 11. O-O-O dxe4 12. Nxe4 Qe7 13. Rhe1 b5 14. d5 f5 15.
Nc3 Qb4 16. Na2 Qf4+ 17. Qe3 Qg4 18. h3 Qh5 19. Kb1 bxa4 20. Bxa4 cxd5 21. Bb3
Be6 22. Bxd5 Bxd5 23. Rxd5 Nc6 24. Qg5 Qxg5 25. Nxg5 Rab8 26. c3 a4 27. Kc2
Rfe8 28. Rxe8+ Rxe8 29. Nf3 Re2+ 30. Rd2 Re8 31. Nc1 Na5 32. Rd5 Nc4 33. Rc5
Nd6 34. Ra5 Ne4 35. Rxa4 Nxf2 36. Nd4 Ne4 37. Nce2 Rc8 38. Ra6 h5 39. Rc6 Ra8
40. b4 Bxd4 41. cxd4 Ra2+ 42. Kd3 Rb2 43. Rb6 g5 44. d5 Nf2+ 45. Ke3 Nd1+ 46.
Kd3 Nf2+ 47. Ke3 Nd1+ 48. Kd3 1/2-1/2

[Event "Madrid 2019-2020 ch - Previa A"]
[Site "Madrid ESP"]
[Date "2020.02.18"]
[Round "8.6"]
[White "Ciuro Munoz, Ricardo"]
[Black "Yeves Miquel, Enrique"]
[Result "0-1"]
[WhiteElo "1953"]
[BlackElo "1777"]
[PlyCount "78"]
[EventDate "2020.02.03"]
[EventType "swiss"]
[EventRounds "9"]
[EventCountry "ESP"]
[SourceTitle "Ajedrez en Madrid"]
[Source "lmi"]
[SourceDate "2020.02.03"]
[SourceVersion "1"]
[SourceVersionDate "2020.02.27"]
[SourceQuality "1"]

1. e4 c5 2. Nf3 e6 3. d3 d5 4. Nbd2 Nc6 5. g3 Nf6 6. Bg2 Be7 7. O-O O-O 8. e5
Nd7 9. Re1 b5 10. Nf1 a5 11. h4 Ba6 12. Bf4 b4 13. c3 a4 14. a3 bxc3 15. bxc3
Qc7 16. N1h2 Rab8 17. d4 Rb3 18. Ng4 Qb6 19. h5 h6 20. Qc1 Rb8 21. Bxh6 gxh6
22. Qxh6 Qd8 23. Qf4 Qf8 24. h6 Bd3 25. Nf6+ Nxf6 26. exf6 Bd6 27. Qg5+ Kh7 28.
Qd2 Bg6 29. Ng5+ Kh8 30. Nf3 Na5 31. Nh4 Bh7 32. Bh3 Qg8 33. dxc5 Rb2 34. Qe3
Nc4 35. Qf3 Bxc5 36. Rf1 Nd2 37. Qf4 Nxf1 38. Rxf1 Bd3 39. h7 Qxh7 0-1

[Event "Madrid 2019-2020 ch - Previa A"]
[Site "Madrid ESP"]
[Date "2020.02.18"]
[Round "8.7"]
[White "Gil Sierra, Jacinto"]
[Black "Lozano Sanchez, Jose Antonio"]
[Result "1-0"]
[WhiteElo "1945"]
[BlackElo "1832"]
[PlyCount "91"]
[EventDate "2020.02.03"]
[EventType "swiss"]
[EventRounds "9"]
[EventCountry "ESP"]
[SourceTitle "Ajedrez en Madrid"]
[Source "lmi"]
[SourceDate "2020.02.03"]
[SourceVersion "1"]
[SourceVersionDate "2020.02.27"]
[SourceQuality "1"]

1. e4 e5 2. Nf3 Nc6 3. Bb5 Bc5 4. c3 d6 5. d4 exd4 6. cxd4 Bb4+ 7. Nc3 Bd7 8.
O-O a6 9. Bxc6 bxc6 10. a3 Ba5 11. b4 Bb6 12. e5 Ne7 13. Re1 O-O 14. Ne4 Bg4
15. Bb2 dxe5 16. dxe5 Qxd1 17. Raxd1 Rfd8 18. Nc5 Rd5 19. Rxd5 cxd5 20. Nd4
Bxc5 21. bxc5 Rb8 22. Bc3 c6 23. f3 Bd7 24. Kf2 Kf8 25. g4 g6 26. e6 Bxe6 27.
Nxe6+ fxe6 28. Rxe6 Kf7 29. Rf6+ Ke8 30. Be5 Rc8 31. Bd6 Kd7 32. Rf7 Re8 33.
Rxh7 Ke6 34. h4 Kf6 35. g5+ Ke6 36. Rg7 Nf5 37. Rxg6+ Kd7 38. h5 d4 39. Bf4 d3
40. Rf6 Re2+ 41. Kf1 Ne3+ 42. Bxe3 Rxe3 43. Rd6+ Kc7 44. Kf2 Re2+ 45. Kg3 Re5
46. Kf4 1-0

[Event "Madrid 2019-2020 ch - Previa A"]
[Site "Madrid ESP"]
[Date "2020.02.18"]
[Round "8.8"]
[White "Baeza Escudero, Javier"]
[Black "Corral Aragon, Juan Maria"]
[Result "1-0"]
[WhiteElo "1884"]
[BlackElo "1766"]
[PlyCount "86"]
[EventDate "2020.02.03"]
[EventType "swiss"]
[EventRounds "9"]
[EventCountry "ESP"]
[SourceTitle "Ajedrez en Madrid"]
[Source "lmi"]
[SourceDate "2020.02.03"]
[SourceVersion "1"]
[SourceVersionDate "2020.02.27"]
[SourceQuality "1"]

1. e4 c6 2. Nf3 d5 3. Nc3 d4 4. Ne2 c5 5. c3 dxc3 6. Nxc3 e6 7. d4 Nc6 8. d5
exd5 9. exd5 Qe7+ 10. Be3 Nb4 11. Bb5+ Bd7 12. O-O O-O-O 13. Bc4 b5 14. Nxb5
Bxb5 15. Bxb5 Rxd5 16. Qb3 Qb7 17. Bc4 Rf5 18. Ng5 Nh6 19. Nxf7 Rxf7 20. Bxh6
Rf6 21. Bg5 Rg6 22. Be6+ Kb8 23. Bf4+ Ka8 24. Bg3 Bd6 25. a3 Bxg3 26. fxg3 Qb6
27. Qf3+ Kb8 28. Bc4 Nc2 29. Qf4+ Qd6 30. Rad1 Qxf4 31. Rxf4 Ne3 32. Rc1 Rd8
33. Be2 Rd2 34. Bf3 c4 35. Re4 Rd3 36. Kf2 Nf5 37. Rexc4 a5 38. Rc8+ Ka7 39.
R1c7+ Ka6 40. Be2 Rgd6 41. Rc3 Kb7 42. Bxd3 Rxd3 43. Rxd3 Kxc8 1-0

[Event "Madrid 2019-2020 ch - Previa A"]
[Site "Madrid ESP"]
[Date "2020.02.18"]
[Round "8.9"]
[White "Camarero Izquierdo, Juan Carlos"]
[Black "Hernandez Recio, Roberto"]
[Result "0-1"]
[WhiteElo "1828"]
[BlackElo "1845"]
[PlyCount "92"]
[EventDate "2020.02.03"]
[EventType "swiss"]
[EventRounds "9"]
[EventCountry "ESP"]
[SourceTitle "Ajedrez en Madrid"]
[Source "lmi"]
[SourceDate "2020.02.03"]
[SourceVersion "1"]
[SourceVersionDate "2020.02.27"]
[SourceQuality "1"]

1. d4 d5 2. Nc3 Nf6 3. Bg5 Bf5 4. f3 Bg6 5. h4 h6 6. Bf4 c6 7. Qd2 e6 8. Bxb8
Rxb8 9. e3 Bb4 10. Bd3 Bxd3 11. Qxd3 Qa5 12. Nge2 c5 13. dxc5 Nd7 14. O-O-O
Bxc5 15. Kb1 Ne5 16. Qd2 Nc4 17. Qd3 Qb4 18. b3 Nxe3 19. Nf4 Nxd1 20. Rxd1 O-O
21. Nce2 Bd6 22. c3 Qa5 23. Nh5 Rfc8 24. g4 Be5 25. Rc1 g6 26. f4 Bh8 27. Nhg3
Qd8 28. h5 Qf6 29. hxg6 fxg6 30. f5 g5 31. fxe6 Qxe6 32. Nf5 Qe4 33. Qxe4 dxe4
34. Ne7+ Kf7 35. Nxc8 Rxc8 36. c4 Rd8 37. Ng3 e3 38. Rf1+ Ke6 39. Re1 Rd3 40.
Nf5 Bd4 41. Nxh6 Ke5 42. Nf5 Kf4 43. Kc2 Rd2+ 44. Kc1 Bb2+ 45. Kb1 e2 46. Nd4
Bxd4 0-1

[Event "Madrid 2019-2020 ch - Previa A"]
[Site "Madrid ESP"]
[Date "2020.02.18"]
[Round "8.10"]
[White "Martin Vazquez, Jose Luis"]
[Black "Cabañas Bravo, Juan Andres"]
[Result "0-1"]
[WhiteElo "1789"]
[BlackElo "1981"]
[PlyCount "126"]
[EventDate "2020.02.03"]
[EventType "swiss"]
[EventRounds "9"]
[EventCountry "ESP"]
[SourceTitle "Ajedrez en Madrid"]
[Source "lmi"]
[SourceDate "2020.02.03"]
[SourceVersion "1"]
[SourceVersionDate "2020.02.27"]
[SourceQuality "1"]

1. e4 e5 2. Nf3 Nc6 3. d4 exd4 4. Nxd4 Qf6 5. Nb5 Bc5 6. Qe2 Bb6 7. N1c3 Nge7
8. Be3 Ba5 9. Bd2 O-O 10. O-O-O a6 11. Na3 b5 12. Nd5 Nxd5 13. exd5 Nd4 14. Qd3
Bxd2+ 15. Qxd2 Nf5 16. Qf4 d6 17. g4 Qh6 18. Qxh6 Nxh6 19. h3 f5 20. g5 Nf7 21.
f4 Re8 22. Bg2 Nh8 23. Rde1 Kf8 24. Rxe8+ Kxe8 25. c3 Ng6 26. Rf1 Bb7 27. Nc2
Kf7 28. Kd2 Ne7 29. Ne3 g6 30. b3 Nc8 31. h4 Nb6 32. Rh1 a5 33. h5 Kg7 34. hxg6
hxg6 35. c4 bxc4 36. bxc4 Ba6 37. Bf1 Na4 38. Nd1 Rb8 39. Rh3 Nc5 40. Bd3 Rb4
41. Re3 Kf7 42. Rh3 Kg8 43. Re3 Bxc4 44. Bxc4 Rxc4 45. Re7 Ne4+ 46. Kd3 Rc1 47.
Ne3 c5 48. dxc6 Rxc6 49. Nd5 Rc1 50. Nf6+ Nxf6 51. gxf6 Rf1 52. Rg7+ Kf8 53.
Ke3 Ra1 54. Rxg6 Kf7 55. Rg7+ Kxf6 56. Ra7 Rxa2 57. Ra6 Ke6 58. Kd4 Ra4+ 59.
Ke3 Kd5 60. Ra8 Ra3+ 61. Ke2 Ke4 62. Re8+ Kxf4 63. Re6 d5 0-1

[Event "Madrid 2019-2020 ch - Previa A"]
[Site "Madrid ESP"]
[Date "2020.02.18"]
[Round "8.11"]
[White "Viñas Lopez, Carlos"]
[Black "Alises Fontecha, Juan"]
[Result "1/2-1/2"]
[WhiteElo "1876"]
[BlackElo "1586"]
[PlyCount "120"]
[EventDate "2020.02.03"]
[EventType "swiss"]
[EventRounds "9"]
[EventCountry "ESP"]
[SourceTitle "Ajedrez en Madrid"]
[Source "lmi"]
[SourceDate "2020.02.03"]
[SourceVersion "1"]
[SourceVersionDate "2020.02.27"]
[SourceQuality "1"]

1. d4 d5 2. Bf4 Nf6 3. e3 e6 4. Nd2 Bd6 5. Bg3 O-O 6. Bd3 c5 7. c3 b6 8. Qe2
Nc6 9. Ngf3 Qc7 10. e4 dxe4 11. Nxe4 Nxe4 12. Bxe4 cxd4 13. Qc4 Bb7 14. Bxc6
Bxc6 15. cxd4 Bxf3 16. Qxc7 Bxc7 17. gxf3 Bxg3 18. hxg3 Rac8 19. Rd1 h6 20. Ke2
Rc2+ 21. Rd2 Rxd2+ 22. Kxd2 Rd8 23. Kc3 Rc8+ 24. Kd3 Kf8 25. Re1 Ke7 26. f4 Kd6
27. a3 f6 28. Rh1 Rc7 29. Re1 Re7 30. Re2 e5 31. dxe5+ fxe5 32. fxe5+ Rxe5 33.
Rc2 h5 34. Rc8 Rf5 35. Ke3 g5 36. Rh8 g4 37. Rc8 Rf3+ 38. Ke2 Rb3 39. Rc2 Kd5
40. Rd2+ Ke5 41. Rc2 Kf5 42. Rc1 Ke4 43. Rc2 a5 44. Rd2 a4 45. Rc2 Rb5 46. Rc4+
Ke5 47. Rc2 Rd5 48. Rc6 Rb5 49. Rc2 Rb3 50. Rd2 b5 51. Rc2 Ke4 52. Rd2 b4 53.
axb4 Rxb4 54. Rc2 Ke5 55. Rd2 Rb3 56. Rc2 Rb4 57. Rd2 Rc4 58. f3 gxf3+ 59. Kxf3
Rb4 60. Rh2 Rb3+ 1/2-1/2

[Event "Madrid 2019-2020 ch - Previa A"]
[Site "Madrid ESP"]
[Date "2020.02.18"]
[Round "8.12"]
[White "Pashov, Spas Nikolov"]
[Black "Giron Herranz, Juan"]
[Result "0-1"]
[WhiteElo "1837"]
[BlackElo "1580"]
[PlyCount "64"]
[EventDate "2020.02.03"]
[EventType "swiss"]
[EventRounds "9"]
[EventCountry "ESP"]
[SourceTitle "Ajedrez en Madrid"]
[Source "lmi"]
[SourceDate "2020.02.03"]
[SourceVersion "1"]
[SourceVersionDate "2020.02.27"]
[SourceQuality "1"]

1. e4 c6 2. d4 d5 3. exd5 cxd5 4. c4 e6 5. Nf3 Nc6 6. Nc3 Nf6 7. Bf4 Bd6 8.
Bxd6 Qxd6 9. c5 Qd8 10. Bb5 O-O 11. O-O Bd7 12. a3 b6 13. b4 bxc5 14. Bxc6 Bxc6
15. bxc5 Qa5 16. Qc2 Nd7 17. Rfe1 Rab8 18. Ne5 Nxe5 19. Rxe5 Rb7 20. Nd1 Rfb8
21. g3 Ba4 22. Qc3 Qa6 23. Re1 Rb3 24. Qd2 Rd3 25. Qe2 Qb5 26. Nb2 Rxd4 27.
Nxa4 Qxe2 28. Rxe2 Rxa4 29. Rc2 Kf8 30. Kf1 Ke7 31. Ke2 Kd7 32. f4 Rb3 0-1

[Event "Madrid 2019-2020 ch - Previa A"]
[Site "Madrid ESP"]
[Date "2020.02.18"]
[Round "8.13"]
[White "Fernandez Rios, Jose Francisco"]
[Black "Barahona Torrijos, Angel"]
[Result "0-1"]
[WhiteElo "1794"]
[BlackElo "1827"]
[PlyCount "76"]
[EventDate "2020.02.03"]
[EventType "swiss"]
[EventRounds "9"]
[EventCountry "ESP"]
[SourceTitle "Ajedrez en Madrid"]
[Source "lmi"]
[SourceDate "2020.02.03"]
[SourceVersion "1"]
[SourceVersionDate "2020.02.27"]
[SourceQuality "1"]

1. d4 Nf6 2. c4 e6 3. Nf3 c5 4. d5 b5 5. Bg5 Qa5+ 6. Nc3 Ne4 7. Bd2 Nxd2 8.
Nxd2 b4 9. Ncb1 d6 10. e4 Be7 11. Be2 O-O 12. O-O Bf6 13. Qc2 Bd7 14. Nb3 Qc7
15. a3 a5 16. a4 exd5 17. cxd5 g6 18. N1d2 Bg7 19. Nc4 f5 20. e5 dxe5 21. d6
Qd8 22. Nxc5 Ra7 23. Qb3 Kh8 24. Qe3 Nc6 25. Nxd7 Rxd7 26. Rac1 e4 27. Rfd1 Ne5
28. Qc5 Nxc4 29. Bxc4 Bxb2 30. Rc2 Bf6 31. Be6 Rb7 32. d7 b3 33. Rcd2 b2 34.
Rb1 Rc7 35. Qd5 Rc1+ 36. Rd1 Rc2 37. Rd2 Qc7 38. Qd6 Rc1+ 0-1

[Event "Madrid 2019-2020 ch - Previa A"]
[Site "Madrid ESP"]
[Date "2020.02.18"]
[Round "8.14"]
[White "Hernandez Garcia, Carlos"]
[Black "Roldan Garcia, Angel"]
[Result "1/2-1/2"]
[WhiteElo "1679"]
[BlackElo "1809"]
[PlyCount "94"]
[EventDate "2020.02.03"]
[EventType "swiss"]
[EventRounds "9"]
[EventCountry "ESP"]
[SourceTitle "Ajedrez en Madrid"]
[Source "lmi"]
[SourceDate "2020.02.03"]
[SourceVersion "1"]
[SourceVersionDate "2020.02.27"]
[SourceQuality "1"]

1. e4 c5 2. Nf3 e6 3. d4 cxd4 4. Nxd4 Nc6 5. Be2 Qc7 6. Nc3 Nf6 7. O-O a6 8.
Kh1 Bb4 9. Nxc6 bxc6 10. Qd4 c5 11. Qe3 Bb7 12. e5 Bxc3 13. Qxc3 Ne4 14. Qe3 h6
15. Bd3 d5 16. f4 c4 17. Bxe4 dxe4 18. Bd2 O-O 19. Bc3 Qe7 20. Rad1 Rfd8 21.
Bd4 Bd5 22. Rd2 Qe8 23. Qg3 Qf8 24. Rdf2 Rd7 25. c3 Kh7 26. Qh3 g6 27. Kg1 h5
28. Be3 f5 29. exf6 Qxf6 30. f5 exf5 31. Rxf5 Qe6 32. Rf6 Qxh3 33. gxh3 a5 34.
h4 a4 35. a3 Rc8 36. R1f2 Rcc7 37. Rg2 Rc6 38. Rf8 Rf7 39. Rxf7+ Bxf7 40. Rd2
Rc7 41. Rd4 Rb7 42. Bc1 Re7 43. Kf2 Re5 44. Bg5 Rf5+ 45. Ke3 Bd5 46. Bf4 Kg8
47. Rd2 Kf7 1/2-1/2

[Event "Madrid 2019-2020 ch - Previa A"]
[Site "Madrid ESP"]
[Date "2020.02.18"]
[Round "8.16"]
[White "Villodre Miranda, Juan Alonso"]
[Black "Esteban Amo, Jose M."]
[Result "0-1"]
[WhiteElo "1582"]
[BlackElo "1932"]
[PlyCount "106"]
[EventDate "2020.02.03"]
[EventType "swiss"]
[EventRounds "9"]
[EventCountry "ESP"]
[SourceTitle "Ajedrez en Madrid"]
[Source "lmi"]
[SourceDate "2020.02.03"]
[SourceVersion "1"]
[SourceVersionDate "2020.02.27"]
[SourceQuality "1"]

1. c4 f5 2. d4 Nf6 3. g3 e6 4. Bg2 Be7 5. Nc3 O-O 6. e3 d6 7. Nge2 c6 8. O-O e5
9. f4 e4 10. d5 c5 11. h3 Qe8 12. Bd2 Na6 13. a3 Bd7 14. b4 cxb4 15. axb4 Nxb4
16. Nxe4 Nxe4 17. Bxb4 Qg6 18. Bxe4 fxe4 19. Kh2 Qh6 20. Ng1 a6 21. g4 Rae8 22.
g5 Qg6 23. h4 Qf5 24. Qe2 h6 25. Qg2 Kh7 26. Qh3 hxg5 27. Qxf5+ Bxf5 28. fxg5
Bg4 29. Rf4 Rxf4 30. exf4 Kg6 31. Re1 Kf5 32. Kg3 Rc8 33. Rc1 b5 34. Rc2 Rxc4
35. Rxc4 bxc4 36. Bd2 g6 37. Kf2 Bd8 38. Be3 Ba5 39. Ne2 Bxe2 40. Kxe2 Bb4 41.
Kd1 a5 42. Kc2 Kg4 43. Kd1 a4 44. Kc2 a3 45. Kb1 Kf5 46. Ka2 Be1 47. Kxa3 Bxh4
48. Kb4 Bg3 49. Kxc4 Bxf4 50. Bf2 Bxg5 51. Kb5 e3 52. Be1 Bf4 53. Kc4 Ke4 0-1